000
00311 a2200133 4500
000
nam a22 7a 4500
100
_a
Pandher, Vijay
110
_a
Pandher, Vijay
245
_a
Textbook Of Geomorphology
250
_a
Latest edition
260
_b
PINAKIN
_c
2026
264
_b
PINAKIN
_c
2026
942
_c
BK
999
_c
396814
_d
396814